[Event "DVM 2008 U20"]
[Site "Arendsee"]
[Date "2008.12.29"]
[Round "6.1"]
[Board "1"]
[White "Aulich, Marcell"]
[Black "Ratkovitch, Dimitri"]
[Result "0-1"]
[WhiteElo "2114"]
[BlackElo "2119"]
[WhiteTeam "SF Brackel 1930"]
[BlackTeam "SG Bochum 1931"]

1. e4 d6 2. d4 g6 3. Nc3 c6 4. h3 Bg7 5. Nf3 Nf6 6. Bd3 O-O 7. O-O Nbd7 8. Qe2
e5 9. dxe5 dxe5 10. Be3 Qe7 11. Rfd1 Nc5 12. a4 b6 13. Rab1 Bb7 14. Bxc5 Qxc5
15. Ba6 Rab8 16. g4 h6 17. Bxb7 Rxb7 18. b4 Qe7 19. Qc4 Rc7 20. Rd2 Re8 21.
Rbd1 b5 22. Qb3 a6 23. Rd6 Kh8 24. axb5 axb5 25. Kg2 h5 26. g5 Nd7 27. Ne2 Nb6
28. Qd3 Rcc8 29. Ng3 Nd5 30. Rxd5 cxd5 31. Qxb5 Rb8 32. Qd3 d4 33. b5 Qc5 34.
Qb3 Kg8 35. Rb1 Rb6 36. Qa4 Reb8 37. Nh4 Rxb5 38. Ra1 Rb4 39. Qd7 R4b7 40. Qa4
Rc7 41. Nxh5 gxh5 42. g6 fxg6 0-1

[Event "DVM 2008 U20"]
[Site "Arendsee"]
[Date "2008.12.29"]
[Round "6.2"]
[Board "2"]
[White "Tkachuk, Konstantyn"]
[Black "Heyden, Jonas"]
[Result "1-0"]
[WhiteElo "2154"]
[BlackElo "2027"]
[WhiteTeam "SG Bochum 1931"]
[BlackTeam "SF Brackel 1930"]

1. e4 g6 2. d4 Bg7 3. f4 d6 4. Nf3 e6 5. Bd3 Ne7 6. O-O O-O 7. Be3 b6 8. c3 Bb7
9. f5 exf5 10. exf5 Nxf5 11. Bxf5 gxf5 12. d5 Bc8 13. Nd4 Qf6 14. Nd2 Re8 15.
Qf3 Na6 16. Rae1 Bd7 17. b4 Re7 18. Nc6 Bxc6 19. Bd4 Qh4 20. Bf2 Qg5 21. Rxe7
Qxe7 22. dxc6 Qg5 23. Qd3 Nb8 24. b5 a6 25. Nf3 Qg4 26. c4 axb5 27. cxb5 Rxa2
28. Re1 Ra1 29. Rxa1 Bxa1 30. Bxb6 1-0

[Event "DVM 2008 U20"]
[Site "Arendsee"]
[Date "2008.12.29"]
[Round "6.3"]
[Board "3"]
[White "Zemella, Christian"]
[Black "Werthebach, Felix"]
[Result "0-1"]
[WhiteElo "2016"]
[BlackElo "2128"]
[WhiteTeam "SF Brackel 1930"]
[BlackTeam "SG Bochum 1931"]

1. e4 c5 2. Nf3 e6 3. d4 cxd4 4. Nxd4 Nf6 5. Bd3 Nc6 6. Nxc6 bxc6 7. c4 e5 8.
Nc3 Bc5 9. O-O d6 10. Qa4 Bd7 11. b4 Bd4 12. Qc2 Rb8 13. Rb1 O-O 14. Ne2 c5 15.
Nxd4 cxd4 16. Bg5 h6 17. Bh4 g5 18. Bg3 Nh5 19. Qe2 Nf4 20. Bxf4 gxf4 21. Rfc1
Qe7 22. a3 Rfc8 23. Qh5 Qg5 24. Qd1 Kh8 25. Bf1 f5 26. exf5 Bxf5 27. Rb3 Qg7
28. c5 d5 29. b5 e4 30. b6 axb6 31. Rxb6 d3 32. Rcb1 Rxb6 33. cxb6 f3 34. b7
Rb8 35. Kh1 fxg2+ 36. Bxg2 Rxb7 37. Rxb7 Qxb7 38. h4 Bg6 39. h5 Be8 40. Qc1 Kh7
41. Bh3 Qf7 42. Bg4 Qxf2 43. Qc7+ Bf7 0-1

[Event "DVM 2008 U20"]
[Site "Arendsee"]
[Date "2008.12.29"]
[Round "6.4"]
[Board "4"]
[White "Pilat, Daniel"]
[Black "Luft, Dennis"]
[Result "1-0"]
[WhiteElo "2075"]
[BlackElo "1984"]
[WhiteTeam "SG Bochum 1931"]
[BlackTeam "SF Brackel 1930"]

1. e4 e5 2. Nf3 Nc6 3. d4 exd4 4. Bc4 Nf6 5. e5 d5 6. Bb5 Ne4 7. Nxd4 Bd7 8.
Bxc6 bxc6 9. O-O Be7 10. f3 Nc5 11. f4 Ne4 12. f5 Bc5 13. Nc3 Qe7 14. Na4 Qxe5
15. Nxc5 Nxc5 16. f6 Ne4 17. fxg7 Qxg7 18. Ne2 h5 19. Nf4 Qe5 20. Be3 Bg4 21.
Bd4 Qe7 22. Qd3 Rg8 23. Rae1 h4 24. Qb3 Be6 25. Qb7 Kd7 26. Nd3 Qd6 27. Rxe4
dxe4 28. Nc5+ Ke7 29. Bf6+ 1-0

[Event "DVM 2008 U20"]
[Site "Arendsee"]
[Date "2008.12.29"]
[Round "6.5"]
[Board "5"]
[White "Strathoff, Martin"]
[Black "Zeldin, Leonid"]
[Result "1-0"]
[WhiteElo "1922"]
[BlackElo "2073"]
[WhiteTeam "SF Brackel 1930"]
[BlackTeam "SG Bochum 1931"]

1. d4 Nf6 2. c4 e6 3. Nf3 b6 4. Nc3 Bb4 5. Bg5 Bb7 6. e3 O-O 7. Bd3 h6 8. Bh4
d5 9. O-O Be7 10. cxd5 exd5 11. Rc1 Nbd7 12. Bb1 Re8 13. Bg3 c6 14. Qc2 Nf8 15.
Ne5 Rc8 16. Qa4 a5 17. Bf5 Ne6 18. Ne2 c5 19. Nf4 Bd6 20. Nxe6 fxe6 21. Bg6 Rf8
22. dxc5 Rxc5 23. Rxc5 bxc5 24. Bb1 Qc7 25. Ng4 Bxg3 26. Nxf6+ gxf6 27. Qg4+
Kh8 28. hxg3 e5 29. Rc1 e4 30. Qg6 Qg7 31. Qxg7+ Kxg7 32. Rxc5 Rc8 33. Rxc8
Bxc8 34. Kf1 f5 35. Ke1 Kf6 36. Kd2 Ke5 37. Kc3 Ba6 38. f4+ Kd6 39. Kd4 Bc4 40.
g4 fxg4 41. Bxe4 Bxa2 42. Bg6 g3 43. Bf7 Bb1 44. Bxd5 h5 45. e4 h4 46. e5+ Ke7
47. Ke3 Bf5 48. Bf3 Kd7 49. Bh5 Ke7 50. Kf3 Bd7 51. Bg6 Bc6+ 52. Kg4 Bxg2 53.
Kxh4 Ke6 54. Kxg3 Bc6 55. Kg4 Kd5 56. Kf5 Bd7+ 57. Kf6 Kc4 58. Bf7+ 1-0

[Event "DVM 2008 U20"]
[Site "Arendsee"]
[Date "2008.12.29"]
[Round "6.1"]
[White "Bracker, Frank"]
[Black "Luo, Xinping"]
[Result "1/2-1/2"]
[WhiteElo "2222"]
[BlackElo "1920"]
[PlyCount "93"]
[EventDate "2008.??.??"]
[WhiteTeam "Hamburger SK von 1830"]
[BlackTeam "Heilbronner SV"]

1. e4 c5 2. Nf3 d6 3. d4 cxd4 4. Nxd4 Nf6 5. Nc3 g6 6. Be2 Bg7 7. O-O O-O 8.
Re1 Nc6 9. Nb3 a6 10. Bg5 b5 11. Bf1 Bb7 12. Nd5 Nd7 13. c3 Rc8 14. a4 h6 15.
axb5 axb5 16. Na5 hxg5 17. Nxb7 Qe8 18. Bxb5 Nde5 19. Na5 Qd8 20. Nxc6 Nxc6 21.
Bxc6 Rxc6 22. Ra7 Bf6 23. Qa4 Rc5 24. b4 Rc4 25. Qb5 Rc8 26. c4 Rb8 27. Qa4 Kg7
28. Rb1 Qc8 29. Rc7 Qg4 30. Nxf6 exf6 31. Qc2 Qf4 32. b5 Rh8 33. h3 g4 34. g3
Qh6 35. h4 g5 36. Qd1 Qh5 37. Qd5 Rbe8 38. Kg2 Re5 39. Qxd6 gxh4 40. Rh1 Qg6
41. Qd3 Rd8 42. Qc2 Rd2 43. Qxd2 Qxe4+ 44. Kg1 Qb1+ 45. Kg2 Qe4+ 46. Kg1 Qb1+
47. Kg2 1/2-1/2

[Event "DVM 2008 U20"]
[Site "Arendsee"]
[Date "2008.12.29"]
[Round "6.2"]
[White "Geshnizjani, Ramin Tobias"]
[Black "Bracker, Arne"]
[Result "1/2-1/2"]
[WhiteElo "2041"]
[BlackElo "2162"]
[PlyCount "44"]
[EventDate "2008.??.??"]
[WhiteTeam "Heilbronner SV"]
[BlackTeam "Hamburger SK von 1830"]

1. e4 e5 2. Nf3 Nc6 3. Bb5 a6 4. Ba4 Nf6 5. Qe2 b5 6. Bb3 Bc5 7. O-O d6 8. c3
O-O 9. Rd1 Bg4 10. d3 h6 11. Nbd2 Bb6 12. Nf1 Qe7 13. h3 Be6 14. Ne3 Bxe3 15.
Bxe3 Rfe8 16. Bc2 d5 17. exd5 Nxd5 18. d4 Qf6 19. Be4 Rad8 20. dxe5 Nxe5 21.
Nxe5 Qxe5 22. Bd4 Qg5 1/2-1/2

[Event "DVM 2008 U20"]
[Site "Arendsee"]
[Date "2008.12.29"]
[Round "6.4"]
[White "Weißbeck, Simon"]
[Black "Colpe, Malte"]
[Result "1/2-1/2"]
[WhiteElo "1847"]
[BlackElo "2089"]
[PlyCount "102"]
[EventDate "2008.??.??"]
[WhiteTeam "Heilbronner SV"]
[BlackTeam "Hamburger SK von 1830"]

1. e4 c5 2. c3 d6 3. d4 Nf6 4. dxc5 Nc6 5. Bb5 Nxe4 6. cxd6 Nxd6 7. Ba4 e5 8.
Nf3 Bg4 9. Qd5 Bxf3 10. Qxf3 e4 11. Qh5 Be7 12. O-O O-O 13. Bf4 g5 14. Bxd6
Qxd6 15. Na3 Ne5 16. Nc2 Nd3 17. Nd4 Qe5 18. Bb3 Kh8 19. g3 Bc5 20. Bc2 Bxd4
21. cxd4 Qxd4 22. Bxd3 exd3 23. Qxg5 Rad8 24. Rfd1 d2 25. Qf5 Rd5 26. Qf3 Rfd8
27. Qc3 Qxc3 28. bxc3 Rc8 29. Kf1 Rxc3 30. Ke2 Rc2 31. a4 b6 32. Ra3 Kg7 33. h4
Kf6 34. Re3 Re5 35. Rxe5 Kxe5 36. Rb1 Kd4 37. Rb3 Ra2 38. Rf3 f5 39. Rxf5 Kc3
40. Rf7 Rxa4 41. Rc7+ Rc4 42. Rxc4+ Kxc4 43. Kxd2 Kd4 44. f3 a5 45. g4 Ke5 46.
Ke3 a4 47. f4+ Kf6 48. Kd3 a3 49. Kc3 b5 50. Kb3 b4 51. Ka2 h6 1/2-1/2

[Event "DVM 2008 U20"]
[Site "Arendsee"]
[Date "2008.12.29"]
[Round "6.5"]
[White "Wiese, Phil"]
[Black "Schwarz, Felix"]
[Result "1-0"]
[WhiteElo "1966"]
[BlackElo "1759"]
[PlyCount "121"]
[EventDate "2008.??.??"]
[WhiteTeam "Hamburger SK von 1830"]
[BlackTeam "Heilbronner SV"]

1. d4 d6 2. Nf3 Nf6 3. g3 g6 4. Bg2 Bg7 5. Nbd2 Nbd7 6. O-O O-O 7. c3 e5 8.
dxe5 Nxe5 9. Nxe5 dxe5 10. Nc4 Qxd1 11. Rxd1 Re8 12. Bg5 h6 13. Be3 e4 14. Rd2
Be6 15. Na5 b6 16. Nc6 Bd7 17. Nb4 a5 18. Nd5 Nxd5 19. Rxd5 Bc6 20. Rd2 Rad8
21. Rad1 Rxd2 22. Rxd2 Kf8 23. Bh3 Ke7 24. Kf1 Rd8 25. Ke1 Rxd2 26. Kxd2 Bd5
27. a3 g5 28. Bd4 Bxd4 29. cxd4 Be6 30. Bg2 f5 31. e3 g4 32. Kc3 Kd6 33. Bf1 c6
34. b4 axb4+ 35. Kxb4 b5 36. Be2 Bd5 37. Bd1 Be6 38. Be2 Bd5 39. Bf1 Be6 40. h3
h5 41. h4 Bf7 42. Be2 Bd5 43. Bd1 Bf7 44. Bc2 Bd5 45. Bd1 Bf7 46. a4 bxa4 47.
Bxa4 Bd5 48. Bd1 Be6 49. Be2 Bf7 50. Ba6 Be6 51. Bc4 Bd5 52. Bf1 Be6 53. Ba6
Bd7 54. Bc4 Be8 55. Ba2 Bg6 56. Bg8 Be8 57. Bh7 Ke6 58. Kc5 Bf7 59. Kxc6 Be8+
60. Kc5 Kf6 61. Bg8 1-0

[Event "DVM 2008 U20"]
[Site "Arendsee"]
[Date "2008.12.29"]
[Round "6.6"]
[White "Huynh, Nhi Lang"]
[Black "Held, Florian"]
[Result "0-1"]
[WhiteElo "1692"]
[BlackElo "1943"]
[PlyCount "60"]
[EventDate "2008.??.??"]
[WhiteTeam "Heilbronner SV"]
[BlackTeam "Hamburger SK von 1830"]

1. d4 Nf6 2. c4 g6 3. Nc3 Bg7 4. e4 d6 5. f3 O-O 6. Be3 a6 7. Nge2 Nbd7 8. Qd2
c5 9. d5 b5 10. cxb5 Qa5 11. Nc1 axb5 12. Bxb5 Ba6 13. Bxa6 Qxa6 14. N1e2 Ne5
15. O-O Nc4 16. Qc1 Nxe3 17. Qxe3 Nd7 18. Rab1 Rfb8 19. f4 Rb4 20. Qh3 Qa7 21.
b3 Rab8 22. Kh1 c4 23. bxc4 Rxb1 24. Nxb1 Qxa2 25. Nbc3 Bxc3 26. Nxc3 Qxc4 27.
Rc1 Nc5 28. Qf3 Nd3 29. Qf1 Rc8 30. Rd1 Qxc3 0-1

[Event "DVM 2008 U20"]
[Site "Arendsee"]
[Date "2008.12.29"]
[Round "6.1"]
[White "Strache, Michael"]
[Black "Nuber, Korbinian"]
[Result "1/2-1/2"]
[WhiteElo "2202"]
[BlackElo "2106"]
[PlyCount "68"]
[EventDate "2008.??.??"]
[WhiteTeam "SV Sangerhausen"]
[BlackTeam "SC Dillingen"]

1. d4 Nf6 2. c4 g6 3. Nc3 Bg7 4. Nf3 d6 5. g3 O-O 6. Bg2 Nbd7 7. O-O e5 8. e4
c6 9. b3 Re8 10. Re1 Qc7 11. h3 a6 12. Be3 h6 13. dxe5 dxe5 14. c5 Qa5 15. Qd2
Nxc5 16. Rab1 Rd8 17. Qc2 Ne6 18. b4 Qc7 19. Na4 Nd7 20. Red1 b5 21. Nb2 Bb7
22. Nd3 a5 23. a3 axb4 24. axb4 Ra4 25. Nd2 Nb6 26. Nb3 Nc4 27. Qc1 Kh7 28.
Nbc5 Nxc5 29. Bxc5 Bc8 30. Nb2 Nxb2 31. Rxb2 Be6 32. Rbd2 Rda8 33. Rd3 h5 34.
Qg5 Bh6 1/2-1/2

[Event "DVM 2008 U20"]
[Site "Arendsee"]
[Date "2008.12.29"]
[Round "6.2"]
[White "Billing, Christian"]
[Black "Lieder, Konrad"]
[Result "1/2-1/2"]
[WhiteElo "2214"]
[BlackElo "2192"]
[PlyCount "62"]
[EventDate "2008.??.??"]
[WhiteTeam "SC Dillingen"]
[BlackTeam "SV Sangerhausen"]

1. e4 c6 2. d4 d5 3. Nc3 dxe4 4. Nxe4 Nd7 5. Nf3 Ngf6 6. Nxf6+ exf6 7. Bd3 Be7
8. c3 Nf8 9. Qc2 Qc7 10. Be3 a5 11. Nd2 Ng6 12. g3 O-O 13. h4 Re8 14. h5 Nf8
15. O-O-O b5 16. Bf4 Qb6 17. Ne4 Bg4 18. Rdg1 Rad8 19. Nd2 c5 20. f3 Bc8 21.
dxc5 Qxc5 22. Rd1 a4 23. Kb1 Be6 24. b4 axb3 25. Nxb3 Qb6 26. Rhe1 Rc8 27. Nd4
b4 28. c4 Bc5 29. Nb3 Be7 30. Rc1 Red8 31. Red1 Qa7 1/2-1/2

[Event "DVM 2008 U20"]
[Site "Arendsee"]
[Date "2008.12.29"]
[Round "6.3"]
[White "Günther, Christian"]
[Black "Nuber, Blasius"]
[Result "0-1"]
[WhiteElo "2110"]
[BlackElo "2073"]
[PlyCount "76"]
[EventDate "2008.??.??"]
[WhiteTeam "SV Sangerhausen"]
[BlackTeam "SC Dillingen"]

1. d4 Nf6 2. c4 e6 3. Nc3 d5 4. Bg5 Nbd7 5. e3 Be7 6. Nf3 O-O 7. Bd3 c6 8. O-O
dxc4 9. Bxc4 b5 10. Bd3 a6 11. e4 c5 12. e5 Nd5 13. Bxe7 Nxe7 14. Be4 Rb8 15.
Re1 Re8 16. Ng5 h6 17. Nf3 Qb6 18. d5 exd5 19. Nxd5 Nxd5 20. Bxd5 Nf8 21. Qc2
Rd8 22. Rad1 Be6 23. Be4 a5 24. Nh4 a4 25. b3 axb3 26. axb3 Rxd1 27. Rxd1 Nd7
28. Qb2 c4 29. Rd6 Qc5 30. Nf3 c3 31. Qc2 Nxe5 32. Rd1 Nxf3+ 33. Bxf3 Bf5 34.
Qc1 c2 35. Rd5 Qc3 36. h4 Re8 37. Kh2 Re1 38. Qf4 Qc8 0-1

[Event "DVM 2008 U20"]
[Site "Arendsee"]
[Date "2008.12.29"]
[Round "6.4"]
[White "Nuber, Helene"]
[Black "Richter, Dustin"]
[Result "0-1"]
[WhiteElo "2040"]
[BlackElo "1927"]
[PlyCount "100"]
[EventDate "2008.??.??"]
[WhiteTeam "SC Dillingen"]
[BlackTeam "SV Sangerhausen"]

1. e4 c5 2. d3 g6 3. g3 Bg7 4. Bg2 e6 5. f4 Nc6 6. Nf3 Nge7 7. O-O Rb8 8. c3 b5
9. Qe2 O-O 10. g4 f5 11. gxf5 exf5 12. h4 d6 13. Ng5 fxe4 14. dxe4 h6 15. Nh3
Be6 16. Qf2 Qd7 17. Qg3 Bg4 18. Nf2 Be2 19. Re1 Bh5 20. Bh3 Qe8 21. Ng4 Kh8 22.
Na3 Qf7 23. Qd3 d5 24. Nc2 dxe4 25. Rxe4 Nf5 26. Be3 c4 27. Qd2 Ng3 28. Rd4
Nxd4 29. Nxd4 Qd5 30. Kh2 Nf5 31. Nxf5 Qxd2+ 32. Bxd2 gxf5 33. Ne5 Rbd8 34. Be3
a6 35. Bd4 Kh7 36. Rf1 Bxe5 37. fxe5 Bg4 38. Bg2 Rfe8 39. Kg3 Kg6 40. Bh3 Bxh3
41. Kxh3 Rd5 42. h5+ Kg5 43. Be3+ f4 44. Bxf4+ Kxh5 45. Bg3 Rdxe5 46. Bxe5 Rxe5
47. Rf2 Re3+ 48. Kg2 Kg5 49. Rd2 Rd3 50. Re2 Kf5 0-1

[Event "DVM 2008 U20"]
[Site "Arendsee"]
[Date "2008.12.29"]
[Round "6.5"]
[White "Wölfer, Jan"]
[Black "Giss, Arthur"]
[Result "0-1"]
[WhiteElo "1802"]
[BlackElo "1975"]
[PlyCount "78"]
[EventDate "2008.??.??"]
[WhiteTeam "SV Sangerhausen"]
[BlackTeam "SC Dillingen"]

1. e4 c5 2. Nf3 e6 3. d4 cxd4 4. Nxd4 Nf6 5. Nc3 d6 6. Be2 a6 7. O-O Nbd7 8.
Nb3 b5 9. Bf4 Qc7 10. Bf3 Bb7 11. a3 Be7 12. Qe2 O-O 13. Rad1 Rac8 14. Rd2 Nb6
15. Na5 Ba8 16. Re1 Nfd7 17. Red1 e5 18. Be3 Nc5 19. Bg4 Rcd8 20. b4 Nca4 21.
Bxb6 Nxb6 22. Rd3 Kh8 23. Rh3 Bg5 24. Qf3 g6 25. Qg3 Qe7 26. Qd3 d5 27. exd5
Nxd5 28. Qf1 Nf4 29. Rg3 f5 30. Be2 Bh4 31. Re3 Bxg2 32. Qe1 Qg5 33. Rg3 Bxg3
34. hxg3 Qh6 35. f3 Qh1+ 36. Kf2 Nh3+ 37. Ke3 f4+ 38. Ke4 Ng5+ 39. Kxe5 Rf5#
0-1

[Event "DVM 2008 U20"]
[Site "Arendsee"]
[Date "2008.12.29"]
[Round "6.6"]
[White "Schwarz, Andreas"]
[Black "Ellemann, Stefan"]
[Result "1/2-1/2"]
[WhiteElo "1843"]
[BlackElo "1647"]
[PlyCount "93"]
[EventDate "2008.??.??"]
[WhiteTeam "SC Dillingen"]
[BlackTeam "SV Sangerhausen"]

1. e4 c5 2. Nf3 d6 3. d4 cxd4 4. Nxd4 Nf6 5. Nc3 a6 6. Be2 e5 7. Nb3 Be7 8. O-O
Nbd7 9. a4 O-O 10. Be3 b6 11. Qd2 Bb7 12. f3 Qc7 13. Kh1 Rac8 14. Rac1 Rfd8 15.
Rfd1 Nc5 16. Nxc5 dxc5 17. Qe1 h6 18. Bc4 Qb8 19. b3 Qa8 20. Rxd8+ Rxd8 21. Rd1
Kf8 22. Kg1 a5 23. Rxd8+ Qxd8 24. Qd2 Qxd2 25. Bxd2 Bd6 26. Nd5 Nxd5 27. Bxd5
Bc8 28. Kf2 f5 29. g3 g5 30. h4 f4 31. hxg5 hxg5 32. gxf4 gxf4 33. Bc4 Kg7 34.
Kg2 Kf6 35. Kh2 Kg5 36. Bf1 Bb7 37. Bh3 Ba6 38. c4 Bb7 39. Bd7 Kh5 40. Kh3 Be7
41. Be1 Bg5 42. Bf2 Bf6 43. Be8+ Kh6 44. Bd7 Kh5 45. Bg4+ Kh6 46. Bh4 Bg5 47.
Bd7 1/2-1/2

[Event "DVM 2008 U20"]
[Site "Arendsee"]
[Date "2008.12.29"]
[Round "6.1"]
[White "Armbrust, Florian"]
[Black "Schneider, David"]
[Result "1-0"]
[WhiteElo "2311"]
[BlackElo "2218"]
[PlyCount "61"]
[EventDate "2008.??.??"]
[WhiteTeam "TSV Schott Mainz"]
[BlackTeam "FSV Großenseebach"]

1. e4 c5 2. Nc3 d6 3. f4 Nc6 4. Nf3 e6 5. g3 g6 6. d4 Qa5 7. dxc5 Qxc5 8. Nb5
Rb8 9. a3 Nf6 10. b4 Nxb4 11. axb4 Qxb4+ 12. Nd2 Nxe4 13. Ba3 Qxd2+ 14. Qxd2
Nxd2 15. Kxd2 d5 16. Bb2 Rg8 17. Be5 Bg7 18. Rxa7 Bxe5 19. fxe5 Ke7 20. Nd4 Bd7
21. Bd3 f6 22. exf6+ Kxf6 23. Rb1 Bc6 24. Rf1+ Ke5 25. Nxc6+ bxc6 26. Rxh7 c5
27. Rh6 Rh8 28. Rxh8 Rxh8 29. h4 c4 30. Bxg6 Rg8 31. h5 1-0

[Event "DVM 2008 U20"]
[Site "Arendsee"]
[Date "2008.12.29"]
[Round "6.2"]
[White "Seyb, Alexander"]
[Black "Dann, Matthias"]
[Result "1/2-1/2"]
[WhiteElo "2241"]
[BlackElo "2259"]
[PlyCount "102"]
[EventDate "2008.??.??"]
[WhiteTeam "FSV Großenseebach"]
[BlackTeam "TSV Schott Mainz"]

1. e4 c5 2. Nf3 d6 3. d4 Nf6 4. Nc3 cxd4 5. Nxd4 a6 6. Be3 Ng4 7. Bc1 Nf6 8. f3
e6 9. Be3 b5 10. g4 h6 11. Qd2 Nbd7 12. O-O-O Bb7 13. h4 b4 14. Na4 Qa5 15. b3
Nc5 16. a3 Nxa4 17. axb4 Qc7 18. bxa4 d5 19. e5 Nd7 20. f4 Nb6 21. Rh3 Nxa4 22.
Bf2 Rc8 23. c4 dxc4 24. Qc2 Nb6 25. Nxe6 fxe6 26. Bxb6 Qf7 27. Rd4 Be7 28. g5
Qf5 29. Qc3 hxg5 30. hxg5 Kf7 31. Rxh8 Rxh8 32. Bxc4 Rh1+ 33. Rd1 Qxf4+ 34. Be3
Rxd1+ 35. Kxd1 Qg4+ 36. Be2 Qxb4 37. Qxb4 Bxb4 38. Bd3 g6 39. Ke2 Be1 40. Bf4
a5 41. Bd2 Bg3 42. Bxa5 Bxe5 43. Bd8 Bd5 44. Kd2 Bf4+ 45. Ke2 Bd6 46. Ke3 e5
47. Be4 Bc5+ 48. Kd3 Ba2 49. Ke2 Bd4 50. Bf6 Be6 51. Kf3 Bf5 1/2-1/2

[Event "DVM 2008 U20"]
[Site "Arendsee"]
[Date "2008.12.29"]
[Round "6.3"]
[White "Endress, Anna"]
[Black "Linsenmeyer, Mario"]
[Result "1/2-1/2"]
[WhiteElo "2044"]
[BlackElo "2101"]
[PlyCount "80"]
[EventDate "2008.??.??"]
[WhiteTeam "TSV Schott Mainz"]
[BlackTeam "FSV Großenseebach"]

1. e4 c5 2. Nf3 d6 3. d4 cxd4 4. Nxd4 Nf6 5. Nc3 a6 6. Bc4 b5 7. Bb3 e6 8. O-O
Be7 9. Qf3 Qc7 10. a3 O-O 11. Qg3 Nc6 12. Nxc6 Qxc6 13. Bh6 Ne8 14. Nd5 Bd8 15.
Bg5 Qd7 16. Bxd8 Qxd8 17. Nc3 Bb7 18. Rad1 Qc7 19. Rd2 Rd8 20. Rfd1 Nf6 21.
Rxd6 Nxe4 22. Nxe4 Bxe4 23. f3 Rxd6 24. Qxd6 Qa7+ 25. Qd4 Qxd4+ 26. Rxd4 Bb7
27. Rd7 Rb8 28. Kf2 Kf8 29. Ke3 Ke8 30. Rc7 a5 31. c3 Bc8 32. Bc2 Bd7 33. Ra7
a4 34. Bd3 Rb6 35. g4 h6 36. Be4 Rd6 37. Rb7 f5 38. Bd3 Rd5 39. c4 bxc4 40.
Bxc4 Rd1 1/2-1/2

[Event "DVM 2008 U20"]
[Site "Arendsee"]
[Date "2008.12.29"]
[Round "6.4"]
[White "Kirch, Daniel"]
[Black "Katte, Nicolas"]
[Result "0-1"]
[WhiteElo "2081"]
[BlackElo "1906"]
[PlyCount "66"]
[EventDate "2008.??.??"]
[WhiteTeam "FSV Großenseebach"]
[BlackTeam "TSV Schott Mainz"]

1. d4 Nf6 2. c4 g6 3. Nc3 d5 4. cxd5 Nxd5 5. Na4 Bg7 6. e4 Nb6 7. Be3 O-O 8.
Nf3 Nxa4 9. Qxa4 c5 10. Rd1 Qb6 11. Bb5 a6 12. Be2 Qxb2 13. dxc5 Be6 14. Bc4
Qc3+ 15. Nd2 Bd7 16. Qb3 Bc6 17. f3 Qa5 18. Rc1 Nd7 19. O-O e6 20. Be2 Rfd8 21.
Nc4 Qc7 22. Rfd1 Bb5 23. a4 Nxc5 24. Rxd8+ Rxd8 25. Qa3 Nxa4 26. Bg5 Bf8 27.
Qb3 Rc8 28. Nb2 Qb6+ 29. Kh1 Rxc1+ 30. Bxc1 Bxe2 31. Qxa4 Qf2 32. h3 Qf1+ 33.
Kh2 Qxc1 0-1

[Event "DVM 2008 U20"]
[Site "Arendsee"]
[Date "2008.12.29"]
[Round "6.5"]
[White "Welke, Vincent"]
[Black "Hofmann, Benjamin"]
[Result "0-1"]
[WhiteElo "1722"]
[BlackElo "1946"]
[PlyCount "99"]
[EventDate "2008.??.??"]
[WhiteTeam "TSV Schott Mainz"]
[BlackTeam "FSV Großenseebach"]

1. e4 g6 2. d4 Bg7 3. Nc3 d6 4. Be3 Nd7 5. Qd2 a6 6. f4 e6 7. Nf3 b5 8. e5 Bb7
9. Qf2 Ne7 10. Be2 Nb6 11. h3 Qd7 12. Nh4 b4 13. Nd1 d5 14. b3 a5 15. Nb2 Nc6
16. g4 Na7 17. Nd3 Qc6 18. O-O O-O-O 19. a3 bxa3 20. Rxa3 a4 21. bxa4 Bf8 22.
Raa1 Nc4 23. Rfb1 Be7 24. Nf3 Rhf8 25. Rb3 Na5 26. Rbb1 Nc4 27. Bd2 Nxd2 28.
Nxd2 Ba6 29. Rb2 Kd7 30. Rab1 Bxd3 31. Bxd3 Qxa4 32. Nb3 Qc6 33. Ra2 Ra8 34.
Rxa7 Rxa7 35. Bb5 Qxb5 36. Nc5+ Kc6 37. Rxb5 Kxb5 38. Qe2+ Kc6 39. Nb3 Rb8 40.
Qd3 Rb4 41. f5 Rc4 42. Qd2 Bb4 43. Qc1 Ra2 44. Na1 Bc3 45. Nb3 Bxd4+ 46. Nxd4+
Rxd4 47. Qb1 Raa4 48. Qb8 Rdc4 49. Qe8+ Kc5 50. Kg2 0-1

[Event "DVM 2008 U20"]
[Site "Arendsee"]
[Date "2008.12.29"]
[Round "6.6"]
[White "Quaschner, Tobias"]
[Black "Künitz, Michael"]
[Result "1-0"]
[WhiteElo "1893"]
[BlackElo "1674"]
[PlyCount "45"]
[EventDate "2008.??.??"]
[WhiteTeam "FSV Großenseebach"]
[BlackTeam "TSV Schott Mainz"]

1. e4 e6 2. d4 d5 3. exd5 exd5 4. c4 c6 5. cxd5 cxd5 6. Nc3 Nf6 7. Nf3 Bg4 8.
Be2 Be7 9. Qb3 Qb6 10. Nxd5 Qxb3 11. Nxf6+ Bxf6 12. axb3 Nc6 13. Be3 O-O-O 14.
O-O Bxf3 15. Bxf3 Bxd4 16. Bxc6 Bxe3 17. fxe3 bxc6 18. Rxa7 Rhf8 19. g4 g5 20.
e4 f6 21. Rxh7 Rd7 22. Rxd7 Kxd7 23. e5 1-0

[Event "DVM 2008 U20"]
[Site "Arendsee"]
[Date "2008.12.29"]
[Round "6.1"]
[White "Coenen, Michael"]
[Black "Hauser, Carlos"]
[Result "1-0"]
[WhiteElo "2268"]
[BlackElo "2140"]
[PlyCount "65"]
[EventDate "2008.??.??"]
[WhiteTeam "SG Porz"]
[BlackTeam "SV 1947 Walldorf"]

1. e4 c5 2. Nf3 Nc6 3. d4 cxd4 4. Nxd4 Nf6 5. Nc3 e5 6. Ndb5 d6 7. Bg5 a6 8.
Na3 b5 9. Nd5 Be7 10. Bxf6 Bxf6 11. c4 b4 12. Nc2 a5 13. Qf3 Bg5 14. Rd1 Be6
15. c5 dxc5 16. Bb5 Qc8 17. Qg3 Bf6 18. Nce3 Kf8 19. Nb6 Qb7 20. Bxc6 Qxc6 21.
Nxa8 Qxa8 22. Nd5 h5 23. Qe3 Qc8 24. b3 c4 25. Nb6 Qc6 26. Nxc4 Bxc4 27. bxc4
Qxc4 28. Rc1 Qe6 29. Qc5+ Kg8 30. Qxa5 Qg4 31. O-O Qxe4 32. Rb1 Be7 33. Rfe1
1-0

[Event "DVM 2008 U20"]
[Site "Arendsee"]
[Date "2008.12.29"]
[Round "6.2"]
[White "Frey, Alisa"]
[Black "Savchenko, Aleksij"]
[Result "0-1"]
[WhiteElo "2041"]
[BlackElo "2203"]
[PlyCount "52"]
[EventDate "2008.??.??"]
[WhiteTeam "SV 1947 Walldorf"]
[BlackTeam "SG Porz"]

1. e4 c5 2. Nf3 d6 3. d4 cxd4 4. Nxd4 Nf6 5. Nc3 a6 6. f3 e6 7. Be3 Nbd7 8. Qd2
b5 9. O-O-O Nb6 10. Qf2 Nfd7 11. f4 Qc7 12. f5 e5 13. Nb3 b4 14. Nd5 Nxd5 15.
exd5 Bb7 16. Be2 Rc8 17. Bf3 Be7 18. Kb1 a5 19. g4 a4 20. Nc1 a3 21. b3 Qc3 22.
Nd3 Nc5 23. Bc1 e4 24. Bd2 Nxd3 25. Bxc3 Nxf2 26. Bxg7 Rg8 0-1

[Event "DVM 2008 U20"]
[Site "Arendsee"]
[Date "2008.12.29"]
[Round "6.3"]
[White "Kuznetsov, Mark"]
[Black "Kappe, Benedikt"]
[Result "1/2-1/2"]
[WhiteElo "2022"]
[BlackElo "1985"]
[PlyCount "45"]
[EventDate "2008.??.??"]
[WhiteTeam "SG Porz"]
[BlackTeam "SV 1947 Walldorf"]

1. d4 Nf6 2. Nf3 e6 3. e3 b6 4. Bd3 Bb7 5. O-O Be7 6. b3 O-O 7. Bb2 d5 8. c4
dxc4 9. Bxc4 c5 10. Nc3 Nc6 11. dxc5 Bxc5 12. Qe2 Qe7 13. Rfd1 Rfd8 14. Na4 Ba3
15. Ne5 Bxb2 16. Nxc6 Bxc6 17. Nxb2 Ne4 18. Rac1 Rxd1+ 19. Nxd1 Rd8 20. Bd3 Qd6
21. Nb2 g6 22. Qc2 Nc5 23. Rd1 1/2-1/2

[Event "DVM 2008 U20"]
[Site "Arendsee"]
[Date "2008.12.29"]
[Round "6.4"]
[White "Mairon, Oliver"]
[Black "Senay, Baris"]
[Result "0-1"]
[WhiteElo "1719"]
[BlackElo "1865"]
[PlyCount "56"]
[EventDate "2008.??.??"]
[WhiteTeam "SV 1947 Walldorf"]
[BlackTeam "SG Porz"]

1. f4 d5 2. Nf3 c5 3. e3 g6 4. Be2 Bg7 5. O-O Nf6 6. d3 O-O 7. Nc3 b6 8. e4 e6
9. e5 Nfd7 10. d4 a6 11. Be3 Nc6 12. Nb1 Bb7 13. c3 Rc8 14. Nbd2 cxd4 15. Nxd4
Nc5 16. Qe1 Qe7 17. g4 f6 18. Nxc6 Rxc6 19. exf6 Bxf6 20. g5 Bh8 21. h4 e5 22.
fxe5 Rxf1+ 23. Bxf1 Bxe5 24. Bg2 Re6 25. Bh3 Bh2+ 26. Kxh2 Rxe3 27. Qd1 Re2+
28. Kg3 Qe5+ 0-1

[Event "DVM 2008 U20"]
[Site "Arendsee"]
[Date "2008.12.29"]
[Round "6.5"]
[White "Gadschisade, Machmud"]
[Black "Busch, Christian"]
[Result "1/2-1/2"]
[WhiteElo "1891"]
[BlackElo "1663"]
[PlyCount "104"]
[EventDate "2008.??.??"]
[WhiteTeam "SG Porz"]
[BlackTeam "SV 1947 Walldorf"]

1. c4 Nf6 2. g3 g6 3. Bg2 Bg7 4. Nc3 O-O 5. Nf3 c5 6. d3 Nc6 7. O-O d6 8. Bd2
Bd7 9. a3 a6 10. Rb1 Qc7 11. b4 cxb4 12. axb4 e6 13. b5 Ne7 14. bxa6 bxa6 15.
Qc2 Bc6 16. Qa2 Nd7 17. d4 d5 18. Bf4 Qd8 19. Bd6 Re8 20. Bxe7 Rxe7 21. cxd5
exd5 22. Nxd5 Bxd5 23. Qxd5 Rxe2 24. Rb7 Re7 25. Ne5 Bxe5 26. dxe5 Rb8 27. Rd1
Rxb7 28. Qxb7 Qe8 29. Bc6 Nxe5 30. Bxe8 Rxb7 31. Ra1 Ra7 32. Bb5 a5 33. Kg2 f6
34. f4 Nf7 35. g4 Kg7 36. Ra4 Nd6 37. Bd3 g5 38. Rd4 Nf7 39. fxg5 fxg5 40. Bc2
Rc7 41. Bb3 Ra7 42. Kg3 Ne5 43. Rd5 Nf7 44. Rf5 a4 45. Bxf7 Rxf7 46. Rxg5+ Kf6
47. Ra5 h5 48. Ra6+ Kg7 49. g5 a3 50. Rxa3 Kg6 51. Ra5 Rb7 52. Kf4 Rb4+ 1/2-1/2